LEADER 01317nam a2200289 u 4500 001 000000039226 003 CaOOAMICUS 005 20070226113951.0 008 980506s1989 it u000 u ita u 020 $a8871045203 035 $a10793795 040 $aPUL(R)$bita 100 1 $aNocera, Guglielmo.$0(OLS)http://pul/name/11568 245 13$aIl binomio pubblico-privato nella storia del diritto /$cGuglielmo Nocera. 260 $aNapoli :$bEdizioni scientifiche italiane,$c1989. 300 $a211 p. ;$c25 cm 490 1 $aPubblicazioni dell'Università degli studi di Perugia 650 4$aDiritto privato.$0(OLS)http://pul/subject/2286 710 2 $aUniversità degli studi di Perugia.$bFacoltà di giurisprudenza.$0(OLS)http://pul/name/13314 830 0$aPubblicazioni dell'Università degli studi di Perugia.$0(OLS)http://pul/title/7386 850 $aPUL 852 $aPUL$W1$xSL Diritto e Scienze Sociali 1$y4$m183 F 65$j53356$nBK-PRI$b $qStampati$B53356$CPULBib$Z2$F53356 $H $81 941 1 $a8 961 $aINV: 66460 996 $6020$a8871045203$9(OLS)http://pul/number/48821 996 $6245$aIl binomio pubblico-privato nella storia del diritto$9(OLS)http://pul/title/53115 996 $6260$aNapoli :$bEdizioni scientifiche italiane$9(OLS)http://pul/publisher/48388 LEADER 01089nam a2200241 i 4500 001 000000104299 003 CaOOAMICUS 005 20070314124843.0 008 070314s2006 it 000 b ita c 020 $a88-17-01267-X 040 $aPUG$bita$dLDA 100 1 $aGiussani, Luigi,$csac.,$d1922-2005.$0(OLS)http://pul/name/64020 245 13$aIl cammino al vero è un'esperienza /$cLuigi Giussani ; prefazione di Cristoph Schonborn. 260 $aTorino :$bSocietà editrice internazionale,$c2006. 300 $a218 p.$c20 cm 650 04$aSpiritualità cattolica.$0(OLS)http://pul/subject/19893 700 1 $aSchönborn, Christoph von,$ccard.,$d1945-$0(OLS)http://pul/name/11337 850 $aPUL 852 $aPUL$W1$xSL Religione 3$y85$m248. 5 GIULU 1$j116677$qDDC 21$B116673$CPULBib$Z2$F116673 $H103012 $82 941 1 $a9 996 $6020$a88-17-01267-X$9(OLS)http://pul/number/133884 996 $6245$aIl cammino al vero è un'esperienza$9(OLS)http://pul/title/76971 996 $6260$aTorino :$bSocietà editrice internazionale$9(OLS)http://pul/publisher/48156